00370nam a22001217a 4500020001800000082001600018100003600034245010600070260002300176300000900199563000700208650003300215 a9789692243001 a340.59bAHM aAhmad, IftikharcJameel, Asghar aIslam ka Qanoon-e-Mehnat: Quran o Sunnat ki Taleemat ki Roshni meincIftikhar Ahmad and Asghar Jameel aRawalpindi:c2024. a274p aHB aQuran and SunnataLabour law